| 000 | 00356nam a22001337a 4500 | ||
|---|---|---|---|
| 020 | _qPB. | ||
| 040 | _cFIZZA ISHAQ | ||
| 082 |
_a812.52 _bMIL |
||
| 100 |
_a Miller , Arthur. _9110470 |
||
| 245 |
_aThe Crucible / _cArthur Miller. |
||
| 260 |
_a New York : _bDramatists Play Service (DPS) , _c1981. |
||
| 300 |
_a95 P. ; _c7.8 x 5.3 inches |
||
| 942 |
_2ddc _cBK |
||
| 999 |
_c616858 _d616858 |
||